000 00359 a2200157 4500
001 73937
020 _a8478387412
040 _cAnchieta - Colégio São Paulo
100 _aCornell, Tim
240 1 0 _aRoma
_lpor
245 1 0 _aRoma
300 _a236
362 0 _a1996
650 4 _aPenínsula Itálica e territórios adjacentes até o 476 AC
942 _cBK
999 _c73937
_d73937